000 00341nam a2200133Ia 4500
008 151213s9999 xx 000 0 und d
100 _aJ. B. Steare
245 _aLiterature in Perspective Tennyson
_cJ. B. Steare
260 _aDelhi
_bDoaba Book House
_c-
300 _a1886 p.
650 _aEnglish
700 _aJ. B. Steare
999 _c1391
_d1391